000 00324nam a2200133Ia 4500
008 191201s1995 xx 000 0 und d
082 _a677
_bGHI
100 _aGHOSH, G K
245 0 _aIndian Textile Past and Present
260 _aN.Delhi
_bA P H Publisher
_c1995
300 _a306
650 _aB.Tech(TE)
942 _2ddc
_cBK
999 _c2349
_d2349